gminy powiatu opatowskiego - Statystyki

Ogólne statystyki
  • Ten quiz został rozwiązany 167 razy
  • Średni wynik to 4 z 8
Odpowiedzi na mapie
Odpowiedzi zakodowano w zielono-czerwonej skali na mapie do tego quizu, zgodnie z poniższymi procentami.
 
Statystyki odpowiedzi
Gmina Odpowiedź % Poprawnych
miejsko-wiejska Opatów
97%
miejsko-wiejska Ożarów
67%
miejsko-wiejska Iwaniska
63%
miejska Baćkowice
57%
miejska Tarłów
49%
wiejska Lipnik
45%
miejska Sadowie
40%
wiejska Wojciechowice
31%
Nie znaleziono quizów pasujących do podanych kryteriów
Rozkład punktacji
Procent ludzi z każdym wynikiem
Percentyl według liczby udzielonych odpowiedzi
Twoja historia wyników
Nie rozwiązałeś tego quizu